Hoàn thiện hệ thống pháp luật về kinh tế để đẩy mạnh công nghiệp hoá, hiện đại hoá

Bewaard in:
Bibliografische gegevens
Hoofdauteur: Trần Du Lịch
Formaat: Boek
Taal:Undetermined
Gepubliceerd in: H. CTQG 2002
Onderwerpen:
Tags: Voeg label toe
Geen labels, Wees de eerste die dit record labelt!
Thư viện lưu trữ: Trung tâm Học liệu Trường Đại học Cần Thơ
LEADER 00572nam a2200181Ia 4500
001 CTU_54679
008 210402s9999 xx 000 0 und d
020 |b 32000 
082 |a 346.597 
082 |b L302 
100 |a Trần Du Lịch 
245 0 |a Hoàn thiện hệ thống pháp luật về kinh tế để đẩy mạnh công nghiệp hoá, hiện đại hoá 
245 0 |c Trần Du Lịch 
260 |a H. 
260 |b CTQG 
260 |c 2002 
650 |a law and economics 
980 |a Trung tâm Học liệu Trường Đại học Cần Thơ